| 000 | 00375nam a2200145Ia 4500 | ||
|---|---|---|---|
| 005 | 20251222144729.0 | ||
| 008 | 251222s9999||||xx |||||||||||||| ||spa|| | ||
| 020 | _a9789972223587 | ||
| 082 | _a255.2/C24 | ||
| 100 | _aCamacho, Enrique | ||
| 245 | 0 | _aMisión en Chimbote y Mi Camino con Arguedas: Los Caminos de Cardoso | |
| 250 | _a1ra.ed. | ||
| 264 | _bCEP | ||
| 942 | _cLIB | ||
| 999 |
_c18514 _d18514 |
||